000 00379nam a22001457a 4500
003 MACL
005 20190619151854.0
008 190619b xxu||||| |||| 00| 0 eng d
040 _cMACL
100 _aPattanaik , D D
_975369
245 _aCultural Nationalism in Indian Perspective
260 _aNew Delhi
_bSerials Pub
_c2016
650 _aPolitics
_975370
942 _2ddc
_cBK
999 _c60138
_d60138